Variaciones estadísticas de las propiedades del pavimento y su efecto en su desempeño
Guardado en:
| Hovedforfatter: | |
|---|---|
| Format: | Bog |
| Sprog: | Spanish |
| Udgivet: |
[San José], Costa Rica
2016
|
| Fag: | |
| Tags: |
Tilføj Tag
Ingen Tags, Vær først til at tagge denne postø!
|
MARC
| LEADER | 00000nam a22000007a 4500 | ||
|---|---|---|---|
| 003 | 012463 | ||
| 005 | 20221231144117.0 | ||
| 008 | 160922b2016 cr a|||| |||| 00| ||spa d | ||
| 040 | |c cru CEDI | ||
| 090 | |a TFG 7620 | ||
| 100 | |9 5319 |a Mora Campos Ericka | ||
| 245 | |a Variaciones estadísticas de las propiedades del pavimento y su efecto en su desempeño | ||
| 260 | |a [San José], Costa Rica |c 2016 | ||
| 300 | |a xxix, 176[91] hojas; ilustraciones algunas a color | ||
| 500 | |a Proyecto de graduación (licenciatura en ingeniería civil)--Universidad de Costa Rica. Facultad de Ingeniería. Escuela de Ingeniería Civil | ||
| 650 | |x PAVIMENTOS |x PROPIEDADES |9 5320 | ||
| 942 | |c TFG | ||
| 999 | |c 17043 |d 17043 | ||
